000
00319nam a2200121Ia 4500
008
250110s9999 xx 000 0 und d
041
_a
eng
100
_a
Vora Riddhi
_9
182354
245
_a
Art Gallery At Pune
260
_b
Final Year B.Arch ID, Pune
_c
2012
300
_a
95p
700
_a
Guide Name:Ghuge Rashmi
_9
210024
999
_c
363217
_d
363217